01579nam a2200301 a 4500001001000000005001700010008004100027041000800068044000800076084002000084100004500104245010100149260004200250300002200292500020000314500006400514500031000578500003500888500001000923546002400933650005200957650005601009650003401065650004501099700003901144700004401183740005001227BRCA_325220190320204204.0110309s1820----enka---###---#000-0#eng-# aeng aenk a553b.R63c18201 aCervantes Saavedra, Miguel ded1547-161610aThe Life and Adventures of Don Quixote de la ManchacA new Edition Translated by Charles Jarvis. aLondresbHurst Robinson and Co.c1820 a4 v.bil.c17 cm. aContenido : v.1 Primera parte. Vida de Cervantes extractada de la escrita por Mayáns. Prólogo del autor. Notas. -- v.2. Texto. -- v.3. Segunda parte. Prólogo del autor. Notas. -- v.4. Texto aEdición : With Engravings from Designs by Richard Westall aBonita edición de la versión de Smollett, pulcramente impresa. Tomó por modelo la edición de 1811 del mismo traductor, y está adornada con láminas grabadas por Ch. Heath, sobre los dibujos de Westall. Piel; planos orlados, lomos decorados con dorados; cortes dorados también Lúdovik Osterc aNotas al final de cada volumen aQM442 aTexto en : inglés14aNovela españolayÉpoca clásica, 1500-170014aLiteratura españolayÉpoca clásica, 1500-170014aNovela españolaySiglo XVII14aDon Quijote (Personaje ficticio)eNovela1 aJarvis, Charlesd?-1739eTraductor1 aWestall, Richardd1765-1836eIlustrador0 aEl Ingenioso Hidalgo Don Quijote de la Mancha